000 00336nam a2200109Ia 4500
008 171211s9999 xx 000 0 und d
245 _aAverting the Old Age Crisis: Policies to Protect the Old and Promote Growth
245 _cWorld Bank
260 _c1994
650 _xECONOMICS
856 _uhttp://down.ebook777.com/064/0195209966.pdf
999 _c349526
_d349526